| 000 | 01077nam a2200241 i 4500 | ||
|---|---|---|---|
| 001 | 64306 | ||
| 003 | ES-MaACL | ||
| 005 | 20250721130218.0 | ||
| 007 | t| | ||
| 008 | 031223m19021903sp ||||1| spa d | ||
| 080 | _a821.134.2-14"18"(082.2) | ||
| 245 | 0 | 0 |
_aFlorilegio de poesías castellanas del siglo XIX / _ccon introducción y notas biográficas y críticas por Juan Valera. |
| 260 |
_aMadrid : _bLibrería de Fernando Fé, _c1902-1903 ( _fRicardo Fé, imp.) |
||
| 300 |
_a5 v. (XV, 380 ; 384 ; 384 ; 477 ; 340 p.) ; _c17 cm. |
||
| 530 | _aDisponible en formato digital. | ||
| 650 | 4 |
_aPoesía española- _yS.XIX _916217 |
|
| 700 | 1 |
_aValera, Juan, _d1824-1905 _9112638 |
|
| 852 |
_aES-MaACL _jF-12901-905 _cSPP2 _zRevisado enlace: 21 de julio de 2025 |
||
| 856 | 4 |
_uhttp://bdh-rd.bne.es/viewer.vm?id=0000256700&page=1 _yBiblioteca Digital Hispánica |
|
| 856 | 4 |
_uhttps://bibliotecavirtualmadrid.comunidad.madrid/bvmadrid_publicacion/es/consulta/registro.do?id=3807 _yBiblioteca Digital de la Comunidad de Madrid |
|
| 942 | _2udc | ||
| 999 |
_c64306 _d64306 |
||